000 00573nam a22002057a 4500
003 OSt
005 20140310182949.0
008 130206t xxu||||| |||| 00| 0 eng d
020 _a9789715426497
050 _aPL6165.4
_b.M969 2010
082 _aFIL 899.21103
_bM969 2010
245 _aDuguang kamay sa nilulumot na pader
_cMunsayac, Jose Rey
260 _aQuezon City
_bUniversity of the Philippines Press
_cc2010
300 _a247 p.
_c23 cm.
521 _acollege students
526 _c1210L-1700L
541 _j1
562 _e1
942 _2lcc
_cBK
_kFIL
999 _c17864
_d17864